[Event "Top 12 2021"]
[Site "Chalons en Champagne, France"]
[Date "2021.07.04"]
[Round "11.7"]
[White "Roubert, Emile AGE"]
[Black "Prodhomme, Boris ERD"]
[Result "1-0"]
[WhiteElo "2067"]
[BlackElo "2031"]

1. e4 {[%clk 01:30:57]} {[%emt 00:00:02]} c5 {[%clk 01:30:21]} {[%emt
00:00:39]} 2. Nf3 {[%clk 01:31:18]} {[%emt 00:00:09]} d6 {[%clk 01:30:39]}
{[%emt 00:00:13]} 3. d4 {[%clk 01:31:44]} {[%emt 00:00:04]} cxd4 {[%clk
01:31:03]} {[%emt 00:00:06]} 4. Nxd4 {[%clk 01:32:09]} {[%emt 00:00:04]} Nf6
{[%clk 01:31:30]} {[%emt 00:00:04]} 5. Nc3 {[%clk 01:32:34]} {[%emt 00:00:04]}
a6 {[%clk 01:31:57]} {[%emt 00:00:04]} 6. Be2 {[%clk 01:32:56]} {[%emt
00:00:07]} e6 {[%clk 01:30:14]} {[%emt 00:02:13]} 7. O-O {[%clk 01:32:50]}
{[%emt 00:00:36]} Be7 {[%clk 01:30:00]} {[%emt 00:00:44]} 8. f4 {[%clk
01:33:13]} {[%emt 00:00:06]} Qc7 {[%clk 01:26:45]} {[%emt 00:03:46]} 9. Kh1
{[%clk 01:33:18]} {[%emt 00:00:24]} O-O {[%clk 01:25:24]} {[%emt 00:01:52]} 10.
Qd3 {[%clk 01:33:16]} {[%emt 00:00:30]} Nc6 {[%clk 01:18:57]} {[%emt 00:06:58]}
11. Nxc6 {[%clk 01:33:15]} {[%emt 00:00:30]} Qxc6 {[%clk 01:08:53]} {[%emt
00:10:35]} 12. e5 {[%clk 01:29:32]} {[%emt 00:04:12]} Ne8 {[%clk 00:58:44]}
{[%emt 00:10:40]} 13. Qh3 {[%clk 01:17:47]} {[%emt 00:12:14]} f5 {[%clk
00:38:06]} {[%emt 00:21:09]} 14. exf6 {[%clk 01:05:02]} {[%emt 00:13:15]} Nxf6
{[%clk 00:37:38]} {[%emt 00:00:59]} 15. Be3 {[%clk 01:03:00]} {[%emt 00:02:32]}
e5 {[%clk 00:17:35]} {[%emt 00:20:33]} 16. Qg3 {[%clk 00:49:33]} {[%emt
00:13:55]} e4 {[%clk 00:17:14]} {[%emt 00:00:52]} 17. Bd4 {[%clk 00:48:03]}
{[%emt 00:02:00]} b5 {[%clk 00:12:34]} {[%emt 00:05:11]} 18. Nxe4 {[%emt
00:09:19]} Qxe4 {[%clk 00:07:52]} {[%emt 00:05:09]} 19. Bxf6 {[%clk 00:36:30]}
{[%emt 00:03:15]} Bxf6 {[%clk 00:08:20]} {[%emt 00:00:03]} 20. Bf3 {[%clk
00:36:46]} {[%emt 00:00:12]} Qxc2 {[%clk 00:08:24]} {[%emt 00:00:27]} 21. Rf2
{[%clk 00:34:45]} {[%emt 00:02:30]} Qc5 {[%clk 00:05:08]} {[%emt 00:03:48]} 22.
Bxa8 {[%clk 00:34:21]} {[%emt 00:00:53]} Bf5 {[%clk 00:04:03]} {[%emt
00:01:35]} 23. Bf3 {[%clk 00:27:04]} {[%emt 00:07:47]} d5 {[%clk 00:02:25]}
{[%emt 00:02:09]} 24. Rd2 {[%clk 00:23:51]} {[%emt 00:03:41]} d4 {[%clk
00:02:36]} {[%emt 00:00:20]} 25. Qf2 {[%clk 00:23:23]} {[%emt 00:00:58]} g6
{[%clk 00:00:42]} {[%emt 00:02:25]} 26. g4 {[%clk 00:17:20]} {[%emt 00:06:32]}
Bd7 {[%clk 00:01:11]} {[%emt 00:00:02]} 27. Qg2 {[%emt 00:01:15]} Bg7 {[%clk
00:01:20]} {[%emt 00:00:22]} 28. Rf1 {[%clk 00:13:55]} {[%emt 00:03:08]} Kh8
{[%clk 00:01:36]} {[%emt 00:00:15]} 29. Qg3 {[%clk 00:09:10]} {[%emt 00:05:14]}
Qd6 {[%clk 00:01:24]} {[%emt 00:00:44]} 30. Be4 {[%clk 00:06:37]} {[%emt
00:03:02]} Qe6 {[%clk 00:01:42]} {[%emt 00:00:13]} 31. Bf3 {[%clk 00:02:51]}
{[%emt 00:04:16]} Qxa2 {[%clk 00:02:08]} {[%emt 00:00:04]} 32. h3 {[%clk
00:02:16]} {[%emt 00:01:03]} Qe6 {[%clk 00:01:56]} {[%emt 00:00:43]} 33. Bg2
{[%clk 00:01:56]} {[%emt 00:00:50]} Qd6 {[%clk 00:01:24]} {[%emt 00:01:03]} 34.
Rdf2 {[%clk 00:01:14]} {[%emt 00:01:11]} b4 {[%clk 00:01:30]} {[%emt 00:00:25]}
35. Qb3 {[%clk 00:00:45]} {[%emt 00:00:58]} Bb5 {[%clk 00:01:57]} {[%emt
00:00:04]} 36. Re1 {[%clk 00:00:46]} {[%emt 00:00:27]} Rxf4 {[%clk 00:02:06]}
{[%emt 00:00:22]} 37. Rxf4 {[%clk 00:00:43]} {[%emt 00:00:33]} Qxf4 {[%clk
00:02:35]} {[%emt 00:00:01]} 38. Qe6 {[%clk 00:00:47]} {[%emt 00:00:25]} Qf6
{[%clk 00:01:00]} {[%emt 00:02:06]} 39. Qc8+ {[%clk 00:00:39]} {[%emt
00:00:38]} Qf8 {[%clk 00:01:25]} {[%emt 00:00:06]} 40. Qe6 {[%clk 00:30:53]}
{[%emt 00:00:16]} Qf6 {[%clk 00:31:35]} {[%emt 00:00:20]} 41. Qc8+ {[%clk
00:29:52]} {[%emt 00:01:31]} Qf8 {[%clk 00:27:48]} {[%emt 00:04:16]} 42. Qe6
{[%clk 00:28:12]} {[%emt 00:02:09]} Qc5 {[%clk 00:17:48]} {[%emt 00:10:31]} 43.
Bd5 {[%clk 00:26:39]} {[%emt 00:02:04]} Qf8 {[%clk 00:16:27]} {[%emt 00:01:51]}
44. Rc1 {[%clk 00:26:25]} {[%emt 00:00:43]} Bc4 {[%clk 00:03:45]} {[%emt
00:13:13]} 45. Rxc4 {[%clk 00:23:10]} {[%emt 00:03:44]} Qf1+ {[%clk 00:03:55]}
{[%emt 00:00:21]} 46. Kh2 {[%clk 00:23:34]} {[%emt 00:00:06]} Qf4+ {[%clk
00:03:16]} {[%emt 00:01:10]} 47. Kg1 {[%clk 00:23:39]} {[%emt 00:00:25]} Qg3+
{[%clk 00:03:18]} {[%emt 00:00:28]} 48. Bg2 {[%clk 00:23:51]} {[%emt 00:00:17]}
Be5 {[%clk 00:03:13]} {[%emt 00:00:35]} 49. Qe8+ {[%clk 00:21:56]} {[%emt
00:02:24]} Kg7 {[%clk 00:03:18]} {[%emt 00:00:26]} 50. Qe7+ {[%clk 00:22:14]}
{[%emt 00:00:09]} Kh6 {[%clk 00:03:40]} {[%emt 00:00:09]} 51. g5+ {[%clk
00:22:18]} {[%emt 00:00:27]} Kh5 {[%clk 00:03:26]} {[%emt 00:00:43]} 52. Qxh7+
{[%clk 00:21:12]} {[%emt 00:01:36]} Kxg5 {[%clk 00:03:53]} {[%emt 00:00:03]} 53.
Qe7+ {[%clk 00:19:32]} {[%emt 00:02:10]} Kh6 {[%clk 00:01:57]} {[%emt
00:02:26]} 54. Qf7 {[%clk 00:19:01]} {[%emt 00:01:01]} Qe3+ {[%clk 00:01:39]}
{[%emt 00:00:48]} 55. Qf2 {[%clk 00:15:47]} {[%emt 00:03:43]} Bh2+ {[%clk
00:02:05]} {[%emt 00:00:05]} 56. Kf1 {[%clk 00:16:12]} {[%emt 00:00:04]} Qd3+
{[%clk 00:02:04]} {[%emt 00:00:33]} 57. Qe2 {[%clk 00:16:31]} {[%emt 00:00:09]}
Qb1+ {[%clk 00:00:39]} {[%emt 00:01:56]} 58. Kf2 {[%clk 00:13:00]} {[%emt
00:04:00]} Bg1+ {[%clk 00:01:08]} 59. Kg3 {[%clk 00:12:49]} {[%emt 00:00:41]}
Be3 {[%clk 00:01:38]} 60. Rc6 {[%clk 00:10:51]} {[%emt 00:02:29]} Qf5 {[%clk
00:01:51]} {[%emt 00:00:16]} 61. Bf3 {[%clk 00:08:57]} {[%emt 00:02:23]} Qg5+
{[%clk 00:01:05]} {[%emt 00:01:18]} 62. Bg4 {[%clk 00:09:00]} {[%emt 00:00:26]}
Qf4+ {[%clk 00:00:36]} {[%emt 00:00:59]} 63. Kg2 {[%clk 00:09:22]} {[%emt
00:00:07]} d3 {[%clk 00:00:50]} {[%emt 00:00:17]} 64. Qf3 {[%clk 00:09:18]}
{[%emt 00:00:34]} Qd4 {[%clk 00:00:58]} {[%emt 00:00:22]} 65. Qf7 {[%clk
00:08:52]} {[%emt 00:00:55]} Qxb2+ {[%clk 00:01:18]} {[%emt 00:00:12]} 66. Kg3
{[%clk 00:08:18]} {[%emt 00:01:03]} Qe5+ {[%clk 00:01:14]} {[%emt 00:00:35]} 67.
Kf3 {[%clk 00:08:24]} {[%emt 00:00:23]} Qf4+ {[%clk 00:00:31]} {[%emt
00:01:14]} 68. Qxf4+ {[%clk 00:08:47]} {[%emt 00:00:07]} Bxf4 {[%clk 00:00:58]}
{[%emt 00:00:04]} 69. Kxf4 {[%clk 00:09:09]} {[%emt 00:00:07]} 1-0

[Event "Top 12 2021"]
[Site "Chalons en Champagne, France"]
[Date "2021.07.04"]
[Round "11.8"]
[White "Ruhlmann, Helene ERD"]
[Black "Gennesseaux, Gabrielle AGE"]
[Result "0-1"]
[WhiteElo "1816"]
[BlackElo "1799"]

1. d4 {[%clk 01:30:56]} {[%emt 00:00:02]} e6 {[%clk 01:30:47]} {[%emt
00:00:14]} 2. c4 {[%clk 01:31:11]} {[%emt 00:00:15]} Nf6 {[%clk 01:31:03]}
{[%emt 00:00:13]} 3. Nc3 {[%clk 01:30:34]} {[%emt 00:01:07]} Bb4 {[%clk
01:31:25]} {[%emt 00:00:08]} 4. e3 {[%clk 01:30:54]} {[%emt 00:00:10]} b6
{[%clk 01:31:28]} {[%emt 00:00:26]} 5. Nge2 {[%clk 01:30:56]} {[%emt 00:00:29]}
Ba6 {[%clk 01:31:34]} {[%emt 00:00:23]} 6. a3 {[%clk 01:31:05]} {[%emt
00:00:22]} Be7 {[%clk 01:31:31]} {[%emt 00:00:33]} 7. Nf4 {[%clk 01:28:28]}
{[%emt 00:03:08]} d5 {[%emt 00:10:14]} 8. cxd5 {[%clk 01:25:35]} {[%emt
00:03:24]} Bxf1 {[%clk 01:21:23]} {[%emt 00:00:53]} 9. Kxf1 {[%clk 01:26:01]}
{[%emt 00:00:05]} exd5 {[%clk 01:20:52]} {[%emt 00:01:01]} 10. g4 {[%clk
01:22:35]} {[%emt 00:03:55]} c6 {[%clk 01:17:43]} {[%emt 00:03:38]} 11. Qf3
{[%clk 01:09:48]} {[%emt 00:13:18]} O-O {[%clk 01:07:22]} {[%emt 00:10:51]} 12.
h4 {[%clk 00:57:04]} {[%emt 00:13:14]} Ne8 {[%clk 00:50:37]} {[%emt 00:17:14]}
13. Nce2 {[%clk 00:47:09]} {[%emt 00:10:26]} Nd6 {[%clk 00:49:31]} {[%emt
00:01:35]} 14. Qh3 {[%clk 00:39:23]} {[%emt 00:08:17]} Nd7 {[%clk 00:41:57]}
{[%emt 00:08:03]} 15. g5 {[%clk 00:35:35]} {[%emt 00:04:20]} Ne4 {[%emt
00:04:27]} 16. f3 {[%clk 00:33:41]} {[%emt 00:02:20]} Nd6 {[%clk 00:36:37]}
{[%emt 00:01:56]} 17. Kf2 {[%clk 00:33:40]} {[%emt 00:00:31]} Re8 {[%clk
00:33:01]} {[%emt 00:04:05]} 18. b3 {[%clk 00:31:27]} {[%emt 00:02:44]} Nf8
{[%clk 00:32:05]} {[%emt 00:01:25]} 19. Bd2 {[%clk 00:30:04]} {[%emt 00:01:53]}
Qc8 {[%clk 00:27:43]} {[%emt 00:04:52]} 20. Qg2 {[%clk 00:27:00]} {[%emt
00:03:35]} Qb7 {[%clk 00:17:05]} {[%emt 00:11:07]} 21. g6 {[%clk 00:18:03]}
{[%emt 00:09:28]} fxg6 {[%clk 00:14:23]} {[%emt 00:03:11]} 22. h5 {[%clk
00:18:16]} {[%emt 00:00:16]} g5 {[%clk 00:13:44]} {[%emt 00:01:09]} 23. Nh3
{[%clk 00:10:25]} {[%emt 00:08:22]} h6 {[%clk 00:14:03]} {[%emt 00:00:11]} 24.
Nc3 {[%clk 00:10:00]} {[%emt 00:00:54]} Ne6 {[%clk 00:10:24]} {[%emt 00:04:09]}
25. Qg4 {[%clk 00:08:16]} {[%emt 00:02:14]} Bf6 {[%clk 00:09:25]} {[%emt
00:01:29]} 26. Kg2 {[%clk 00:04:15]} {[%emt 00:04:32]} c5 {[%clk 00:08:40]}
{[%emt 00:01:15]} 27. Ne2 {[%clk 00:03:16]} {[%emt 00:01:29]} Nxd4 {[%clk
00:05:58]} {[%emt 00:03:12]} 28. Nxd4 {[%clk 00:03:18]} {[%emt 00:00:29]} cxd4
{[%clk 00:04:40]} {[%emt 00:01:48]} 29. Rae1 {[%clk 00:03:21]} {[%emt
00:00:27]} dxe3 {[%clk 00:04:37]} {[%emt 00:00:33]} 30. Bxe3 {[%clk 00:03:28]}
{[%emt 00:00:23]} Rac8 {[%clk 00:03:47]} {[%emt 00:01:20]} 31. Bf2 {[%clk
00:01:49]} {[%emt 00:02:10]} Nf7 {[%clk 00:02:22]} {[%emt 00:01:54]} 32. Re6
{[%clk 00:01:15]} {[%emt 00:01:04]} Ne5 {[%clk 00:02:04]} {[%emt 00:00:47]} 33.
Rxe8+ {[%clk 00:01:34]} {[%emt 00:00:13]} Rxe8 {[%clk 00:02:30]} {[%emt
00:00:04]} 34. Qf5 {[%clk 00:01:13]} {[%emt 00:00:50]} Qd7 {[%clk 00:02:29]}
{[%emt 00:00:30]} 35. Qc2 {[%clk 00:01:17]} {[%emt 00:00:27]} Nxf3 {[%clk
00:01:40]} {[%emt 00:01:20]} 36. Kxf3 {[%clk 00:01:17]} {[%emt 00:00:30]} g4+
{[%clk 00:01:59]} {[%emt 00:00:10]} 37. Kg2 {[%clk 00:01:38]} {[%emt 00:00:10]}
gxh3+ {[%clk 00:02:21]} {[%emt 00:00:09]} 38. Rxh3 {[%clk 00:01:49]} {[%emt
00:00:18]} Qg4+ {[%clk 00:02:28]} {[%emt 00:00:21]} 0-1

[Event "Top 12 2021"]
[Site "Chalons en Champagne, France"]
[Date "2021.07.04"]
[Round "11.9"]
[White "Alonso Rosell, Alvar PAR"]
[Black "Sochacki, Christophe VIL"]
[Result "1-0"]
[WhiteElo "2572"]
[BlackElo "2494"]

1. Nf3 {[%clk 01:27:14]} {[%emt 00:01:13]} Nf6 {[%clk 01:30:56]} {[%emt
00:00:05]} 2. g3 {[%clk 01:27:24]} {[%emt 00:00:20]} b5 {[%clk 01:31:23]}
{[%emt 00:00:03]} 3. d4 {[%clk 01:27:24]} {[%emt 00:00:30]} Bb7 {[%clk
01:31:43]} {[%emt 00:00:10]} 4. Bg2 {[%clk 01:27:48]} {[%emt 00:00:05]} e6
{[%clk 01:31:31]} {[%emt 00:00:42]} 5. Bg5 {[%clk 01:27:54]} {[%emt 00:00:25]}
c5 {[%clk 01:18:20]} {[%emt 00:13:40]} 6. c3 {[%clk 01:27:43]} {[%emt
00:00:41]} a6 {[%clk 01:09:30]} {[%emt 00:09:20]} 7. O-O {[%clk 01:25:53]}
{[%emt 00:02:20]} h6 {[%clk 01:07:49]} {[%emt 00:02:12]} 8. Bxf6 {[%clk
01:26:14]} {[%emt 00:00:09]} gxf6 {[%clk 01:04:34]} {[%emt 00:03:45]} 9. Re1
{[%clk 00:46:42]} {[%emt 00:40:02]} d5 {[%clk 00:56:19]} {[%emt 00:08:45]} 10.
Nbd2 {[%clk 00:46:35]} {[%emt 00:00:37]} Nd7 {[%clk 00:54:00]} {[%emt
00:02:49]} 11. e4 {[%clk 00:43:14]} {[%emt 00:03:52]} dxe4 {[%clk 00:52:49]}
{[%emt 00:01:41]} 12. Nxe4 {[%clk 00:43:42]} {[%emt 00:00:02]} f5 {[%clk
00:51:16]} {[%emt 00:02:03]} 13. Nxc5 {[%clk 00:44:00]} {[%emt 00:00:12]} Nxc5
{[%clk 00:50:02]} {[%emt 00:01:43]} 14. dxc5 {[%clk 00:44:25]} {[%emt
00:00:05]} Bxc5 {[%clk 00:48:28]} {[%emt 00:02:04]} 15. Ne5 {[%clk 00:44:24]}
{[%emt 00:00:30]} Bxg2 {[%clk 00:44:45]} {[%emt 00:04:14]} 16. Kxg2 {[%clk
00:42:27]} {[%emt 00:02:27]} Bd6 {[%clk 00:41:08]} {[%emt 00:04:07]} 17. Qd4
{[%clk 00:17:56]} {[%emt 00:25:01]} Bxe5 {[%clk 00:38:20]} {[%emt 00:03:18]} 18.
Qxe5 {[%clk 00:17:45]} {[%emt 00:00:41]} O-O {[%clk 00:38:37]} {[%emt
00:00:13]} 19. Rad1 {[%clk 00:16:47]} {[%emt 00:01:28]} Qg5 {[%clk 00:39:00]}
{[%emt 00:00:07]} 20. Rd7 {[%clk 00:14:51]} {[%emt 00:02:26]} h5 {[%clk
00:28:29]} {[%emt 00:11:01]} 21. Red1 {[%clk 00:13:45]} {[%emt 00:01:36]} Qg7
{[%clk 00:26:56]} {[%emt 00:02:03]} 22. Qe3 {[%clk 00:09:34]} {[%emt 00:04:41]}
a5 {[%clk 00:23:56]} {[%emt 00:03:31]} 23. R1d4 {[%clk 00:09:01]} {[%emt
00:01:03]} b4 {[%clk 00:22:46]} {[%emt 00:01:39]} 24. c4 {[%clk 00:09:21]}
{[%emt 00:00:10]} Qg6 {[%clk 00:16:36]} {[%emt 00:06:41]} 25. c5 {[%clk
00:07:37]} {[%emt 00:02:14]} Rfc8 {[%clk 00:16:01]} {[%emt 00:01:05]} 26. Qf3
{[%clk 00:06:22]} {[%emt 00:01:45]} Kg7 {[%clk 00:14:31]} {[%emt 00:01:59]} 27.
c6 {[%clk 00:06:20]} {[%emt 00:00:33]} e5 {[%clk 00:12:54]} {[%emt 00:02:07]}
28. R4d6 {[%clk 00:06:43]} {[%emt 00:00:07]} Qg4 {[%clk 00:13:21]} {[%emt
00:00:03]} 29. Qd5 {[%clk 00:06:18]} {[%emt 00:00:55]} Qe4+ {[%clk 00:13:47]}
{[%emt 00:00:05]} 30. Qxe4 {[%clk 00:06:42]} {[%emt 00:00:06]} fxe4 {[%clk
00:14:16]} {[%emt 00:00:02]} 31. c7 {[%clk 00:07:02]} {[%emt 00:00:10]} h4
{[%clk 00:07:11]} {[%emt 00:07:35]} 32. g4 {[%clk 00:06:59]} {[%emt 00:00:33]}
a4 {[%clk 00:07:05]} {[%emt 00:00:36]} 33. g5 {[%clk 00:07:07]} {[%emt
00:00:22]} b3 {[%clk 00:06:50]} {[%emt 00:00:45]} 34. a3 {[%clk 00:07:22]}
{[%emt 00:00:15]} Ra7 {[%clk 00:06:22]} {[%emt 00:00:59]} 35. Rf6 {[%clk
00:07:28]} {[%emt 00:00:24]} 1-0

[Event "Top 12 2021"]
[Site "Chalons en Champagne, France"]
[Date "2021.07.04"]
[Round "11.10"]
[White "Dourerassou, Jonathan VIL"]
[Black "Sohier, Julien PAR"]
[Result "1-0"]
[WhiteElo "2477"]
[BlackElo "2218"]

1. e4 {[%clk 01:30:58]} e5 {[%clk 01:30:53]} {[%emt 00:00:08]} 2. Nf3 {[%clk
01:31:21]} {[%emt 00:00:07]} Nc6 {[%clk 01:31:17]} {[%emt 00:00:06]} 3. Bb5
{[%clk 01:31:45]} {[%emt 00:00:06]} a6 {[%clk 01:31:27]} {[%emt 00:00:20]} 4.
Ba4 {[%clk 01:32:09]} {[%emt 00:00:06]} Nf6 {[%clk 01:31:38]} {[%emt 00:00:19]}
5. O-O {[%clk 01:31:47]} {[%emt 00:00:52]} Nxe4 {[%clk 01:31:30]} {[%emt
00:00:38]} 6. d4 {[%clk 01:31:19]} {[%emt 00:00:57]} Be7 {[%clk 01:31:34]}
{[%emt 00:00:27]} 7. Qe2 {[%clk 01:19:16]} {[%emt 00:12:33]} Ng5 {[%clk
01:10:17]} {[%emt 00:21:47]} 8. Bxg5 {[%clk 01:14:27]} {[%emt 00:05:19]} Bxg5
{[%clk 01:10:30]} {[%emt 00:00:18]} 9. d5 {[%clk 01:14:48]} {[%emt 00:00:08]}
Bf6 {[%clk 01:00:03]} {[%emt 00:10:57]} 10. dxc6 {[%clk 01:13:19]} {[%emt
00:01:59]} dxc6 {[%clk 01:00:21]} {[%emt 00:00:13]} 11. Nxe5 {[%clk 01:10:23]}
{[%emt 00:03:24]} O-O {[%clk 00:58:14]} {[%emt 00:02:38]} 12. Nc3 {[%clk
01:09:42]} {[%emt 00:01:10]} Qd4 {[%clk 00:46:34]} {[%emt 00:12:11]} 13. Nf3
{[%clk 01:06:55]} {[%emt 00:03:17]} Qb4 {[%clk 00:44:40]} {[%emt 00:02:24]} 14.
Bb3 {[%clk 01:07:17]} {[%emt 00:00:08]} Bxc3 {[%clk 00:43:59]} {[%emt
00:01:11]} 15. bxc3 {[%clk 01:07:38]} {[%emt 00:00:09]} Qxc3 {[%clk 00:44:26]}
{[%emt 00:00:03]} 16. Qe7 {[%clk 01:06:25]} {[%emt 00:01:42]} Bg4 {[%clk
00:42:53]} {[%emt 00:02:04]} 17. Ne5 {[%clk 01:04:19]} {[%emt 00:02:35]} Bh5
{[%clk 00:42:49]} {[%emt 00:00:34]} 18. Rae1 {[%clk 01:01:56]} {[%emt
00:02:52]} a5 {[%clk 00:35:45]} {[%emt 00:07:35]} 19. Re3 {[%clk 01:01:20]}
{[%emt 00:01:05]} Qb2 {[%clk 00:32:36]} {[%emt 00:03:40]} 20. Qh4 {[%clk
01:00:20]} {[%emt 00:01:29]} a4 {[%clk 00:26:13]} {[%emt 00:06:53]} 21. Bxa4
{[%clk 00:57:09]} {[%emt 00:03:40]} Ra5 {[%clk 00:26:23]} {[%emt 00:00:20]} 22.
Rfe1 {[%clk 00:56:03]} {[%emt 00:01:36]} 1-0